| 000 | 00675cab a2200241 4500 | ||
|---|---|---|---|
| 001 | ABS60366 | ||
| 008 | 090401t1999 xxu||||| |||| 00| 0 eng d | ||
| 035 | _a(Sirsi) u92507 | ||
| 041 | _aeng | ||
| 245 | _aByrne and another v Hall Pain & Foster and others | ||
| 260 | _c1999 | ||
| 350 | _a0 | ||
| 490 |
_aEstates Gazette _v(9912) 27 March 1999, 165-169(5) |
||
| 650 | _aBYRNE AND ANOTHER V HALL PAIN & FOSTER AND OTHERS | ||
| 650 | _aCONDENSATION | ||
| 650 | _aLIMITATION PERIOD | ||
| 650 | _aNEGLIGENCE | ||
| 650 | _aTORT | ||
| 650 | _aVALUATION REPORT | ||
| 690 | _aMANAGEMENT-BUSINESS MANAGEMENT-PROFESSIONAL PRACTICE | ||
| 942 | _n0 | ||
| 948 | _c01/04/1999 | ||
| 999 |
_c58639 _d58639 |
||